NHL Calder Trophy Winners since 1980 - Statistics

General Stats
  • This quiz has been taken 1,132 times
    566 since last reset
  • The average score is 19 of 42
Answer Stats
Year Team Player % Correct
2017 Toronto Maple Leafs Auston Matthews
93%
2020 Colorado Avalanche Cale Makar
91%
2006 Washington Capitals Alex Ovechkin
89%
2008 Chicago Blackhawks Patrick Kane
88%
2014 Colorado Avalanche Nathan MacKinnon
87%
2021 Minnesota Wild Kirill Kaprizov
86%
2019 Vancouver Canucks Elias Pettersson
85%
2007 Pittsburgh Penguins Evgeni Malkin
85%
2022 Detroit Red Wings Moritz Seider
84%
2018 New York Islanders Mathew Barzal
82%
2015 Florida Panthers Aaron Ekblad
79%
2016 Chicago Blackhawks Artemi Panarin
69%
2012 Colorado Avalanche Gabriel Landeskog
68%
2013 Florida Panthers Jonathan Huberdeau
62%
1985 Pittsburgh Penguins Mario Lemieux
57%
1993 Winnipeg Jets Teemu Selanne
56%
1995 Québec Nordiques Peter Forsberg
51%
1994 New Jersey Devils Martin Brodeur
49%
2011 Carolina Hurricanes Jeff Skinner
46%
1992 Vancouver Canucks Pavel Bure
40%
1982 Winnipeg Jets Dale Hawerchuk
39%
1996 Ottawa Senators Daniel Alfredsson
37%
1980 Boston Bruins Raymond Bourque
36%
2002 Atlanta Thrashers Dany Heatley
32%
1989 New York Rangers Brian Leetch
29%
1987 Los Angeles Kings Luc Robitaille
29%
2009 Columbus Blue Jackets Steve Mason
29%
1981 Quebec Nordiques Peter Stastny
28%
2010 Buffalo Sabres Tyler Myers
27%
1991 Chicago Blackhawks Ed Belfour
22%
1988 Calgary Flames Joe Nieuwendyk
21%
2000 New Jersey Devils Scott Gomez
18%
1990 Calgary Flames Sergei Makarov
18%
2004 Boston Bruins Andrew Raycroft
17%
2003 St-Louis Blues Barrett Jackman
16%
1997 New York Islanders Bryan Berard
15%
2001 San Jose Sharks Evgeni Nabokov
14%
1998 Boston Bruins Sergei Samsonov
14%
1983 Chicago Blackhawks Steve Larmer
13%
1984 Buffalo Sabres Tom Barrasso
13%
1999 Colorado Avalanche Chris Drury
11%
1986 Calgary Flames Gary Suter
11%
No matching quizzes found
Score Distribution
Percent of People with Each Score
Percentile by Number Answered
Your Score History
You have not taken this quiz since the last reset